| 000 | 01347nam a2200349 a 4500 | ||
|---|---|---|---|
| 001 | 000112276 | ||
| 003 | CHAP | ||
| 005 | 20220329144254.0 | ||
| 008 | 160121s2015 mx a fsm |||||||spa d | ||
| 010 | _a108737 | ||
| 011 | _a109709 | ||
| 040 | _cCHAP | ||
| 090 | _aTesis | ||
| 100 | 1 |
_aDorado González, Gloria Elva _9130500 |
|
| 245 | 1 | 0 |
_aConstrucción de un índice de sustentabilidad para el sector ganadero: _h[En línea] _bcaso del Distrito de Desarrollo Rural 184-Jerez Zacatecas / _cpor Gloria Elva Dorado González. |
| 260 |
_aZacatecas, Zac. : _bEl autor, _c2015. |
||
| 500 | _aPara ver el contenido del material haga clic en la liga | ||
| 502 | _aTesis (M.C. en Desarrollo Rural Regional) -- UACH. Dirección de Centros Regionales Universitarios | ||
| 590 |
_aE11695DGD _b10 _c20160125 _lUCH01 _h1151 |
||
| 590 |
_aE5995AHE _b05 _c20160121 _lUCH01 _h1017 |
||
| 590 |
_aE5995AHE _b05 _c20160121 _lUCH01 _h1017 |
||
| 590 |
_aE5995AHE _b05 _c20160121 _lUCH01 _h1020 |
||
| 590 |
_aE5995AHE _b05 _c20160121 _lUCH01 _h1023 |
||
| 590 |
_aE5995AHE _b05 _c20160121 _lUCH01 _h1343 |
||
| 650 | 1 | 4 |
_aCambios climáticos. _917792 |
| 650 | 1 | 4 |
_aDesarrollo sustentable _zZacatecas. _932109 |
| 650 | 1 | 4 |
_aGanadería. _944604 |
| 856 |
_aFinding aid _uhttp://10.13.5.2/tesis/sist112276.pdf _zTeclea aquí |
||
| 901 | _aBK | ||
| 942 | _cTESIS | ||
| 942 | _n0 | ||
| 999 |
_c108737 _d108737 |
||